Dj Karrier és Brand Építés
| Main Author: | |
|---|---|
| Other Authors: | |
| Format: | Project work |
| Kulcsszavak: | brandépítés márkaépítés rendezvényszervezés Zenei marketing zeneipar |
| Online Access: | http://dolgozattar.uni-bge.hu/60310 |
MARC
| LEADER | 00000nnm a2200000 i 4500 | ||
|---|---|---|---|
| 001 | dolg60310 | ||
| 005 | 20260409150304.0 | ||
| 008 | 260409suuuu hu o 000 hun d | ||
| 040 | |a BGE Dolgozattár Repozitórium |b hun | ||
| 041 | |a hu | ||
| 100 | 1 | |a Horváth Levente Attila | |
| 245 | 1 | 0 | |a Dj Karrier és Brand Építés |c Horváth Levente Attila |h [elektronikus dokumentum] |
| 516 | |a Project_work | ||
| 520 | 3 | |a Absztrakt A szakdolgozat célja, hogy feltárja a DJ karrier és a zenei márkaépítés lehetőségeit a magyar piacon, különös tekintettel a rendezvényszervezőkkel való együttműködésre és a célközönség elérésének stratégiáira. A dolgozat kvalitatív kutatáson alapul, amely félig strukturált interjúk segítségével vizsgálja a DJ-k és rendezvényszervezők tapasztalatait. Az elemzés rávilágít arra, hogy a személyes márkaépítés, az online jelenlét, valamint az élő fellépések minősége kulcsszerepet játszik a hosszú távú siker elérésében. A kutatás gyakorlati javaslatokat fogalmaz meg a feltörekvő DJ-k és zenei márkák számára a hazai zeneiparban való érvényesüléshez. | |
| 695 | |a brandépítés | ||
| 695 | |a márkaépítés | ||
| 695 | |a rendezvényszervezés | ||
| 695 | |a Zenei marketing | ||
| 695 | |a zeneipar | ||
| 700 | 1 | |a Sarkadi Katalin |e ths | |
| 856 | 4 | 0 | |u http://dolgozattar.uni-bge.hu/60310/1/V%C3%A9gleges%20Horv%C3%A1th%20Levente%20PROJEKTMUNKA%20.pdf |z Dokumentum-elérés |
| 856 | 4 | 0 | |u http://dolgozattar.uni-bge.hu/60310/2/2025-05-05_12-45-19_SCAN.pdf |z Dokumentum-elérés |
| 856 | 4 | 0 | |u http://dolgozattar.uni-bge.hu/60310/3/KM%20FOSZK%20bi%CC%81ra%CC%81lati%20lap_Horva%CC%81th_Levente_SarkadiKatalin_2025_05_26.pdf |z Dokumentum-elérés |